[Event "Prague Golden op 9th"]
[Site "Prague"]
[Date "2013.06.26"]
[Round "5"]
[White "Slechta, Karel"]
[Black "Kovar, Josef"]
[Result "1/2-1/2"]
[WhiteElo "1936"]
[BlackElo "2077"]
[PlyCount "101"]
[EventDate "2013.06.23"]
[EventType "swiss"]
[EventRounds "9"]
[EventCountry "CZE"]
[SourceTitle "CBM 155 Extra"]
[Source "ChessBase"]
[SourceDate "2013.08.26"]
[SourceVersion "1"]
[SourceVersionDate "2013.08.26"]
[SourceQuality "1"]

1. e4 c5 2. Nf3 g6 3. d4 cxd4 4. Nxd4 Bg7 5. Nc3 Nc6 6. Be3 Nf6 7. Be2 0-0 8. Qd2 d5 9. exd5 Nxd5 10. Nxd5 Qxd5 11. Nxc6 Qxc6 12. Bf3 Qa6 13. c3 Be6 14. Be2 Bc4 15. Bxc4 Qxc4 16. Qe2 Bxc3+ 17. Kf1 Qxe2+ 18. Kxe2 Bg7 19. Rac1 Rac8 20. b3 a6 21. Rhd1 Rxc1 22. Bxc1 Rc8 23. Be3 Be5 24. Rd7 Rc7 25. Rxc7 Bxc7 26. h3 Kf8 27. Kd3 Ke8 28. a4 Kd7 29. Kc4 Kc6 30. f3 b5+ 31. axb5+ axb5+ 32. Kd3 Kd5 33. Bd4 Bg3 34. Ba7 Be1 35. Ke2 Bb4 36. Kd3 Bc5 37. Bb8 e5 38. Bc7 f5 39. Ba5 Bd4 40. Bd2 h5 41. Bg5 Bg1 42. Bh6 Bh2 43. Bg5 Bf4 44. Bxf4 exf4 45. h4 b4 46. Ke2 Kc6 47. Kd3 Kc5 48. Ke2 Kd5 49. Kd3 Kc5 50. Kc2 Kd4 51. Kd2 1/2-1/2

[Event "CZE-chT rap"]
[Site "Pardubice"]
[Date "2012.07.12"]
[Round "1.3"]
[White "Belyakov, Bogdan"]
[Black "Slechta, Karel"]
[Result "1-0"]
[WhiteElo "2375"]
[BlackElo "1971"]
[PlyCount "49"]
[EventDate "2012.07.12"]
[EventType "team-swiss"]
[EventRounds "7"]
[EventCountry "CZE"]
[SourceTitle "EXT 2013"]
[Source "ChessBase"]
[SourceDate "2012.11.22"]
[SourceVersion "1"]
[SourceVersionDate "2012.11.22"]
[SourceQuality "1"]

1. e4 c5 2. Nf3 Nc6 3. Bb5 e6 4. 0-0 d6 5. c3 Bd7 6. d4 Be7 7. d5 Ne5 8. Bxd7+ Qxd7 9. Nxe5 dxe5 10. c4 Nf6 11. Nc3 0-0 12. f4 exf4 13. e5 Ne8 14. Bxf4 f6 15. Qg4 fxe5 16. Bxe5 Nf6 17. Qxe6+ Qxe6 18. dxe6 Ng4 19. Nd5 Bg5 20. Bd6 Rfd8 21. Bxc5 Rac8 22. e7 Re8 23. Rf8+ Rxf8 24. exf8Q+ Rxf8 25. Bxf8 1-0

[Event "Liechtenstein op Seniors 11th"]
[Site "Triesen"]
[Date "2011.05.29"]
[Round "3"]
[White "Hohler, Peter"]
[Black "Slechta, Karel"]
[Result "1-0"]
[WhiteElo "2157"]
[BlackElo "1964"]
[PlyCount "71"]
[EventDate "2011.05.27"]
[EventType "swiss"]
[EventRounds "9"]
[EventCountry "LIE"]
[SourceTitle "EXT 2012"]
[Source "ChessBase"]
[SourceDate "2011.11.24"]
[SourceVersion "1"]
[SourceVersionDate "2011.11.24"]
[SourceQuality "1"]

1. c4 c5 2. Nc3 Nc6 3. Nf3 Nf6 4. e3 e6 5. d4 cxd4 6. exd4 d5 7. c5 Bd7 8. Bb5 Be7 9. 0-0 0-0 10. Re1 b6 11. Bxc6 Bxc6 12. b4 bxc5 13. Ne5 Be8 14. bxc5 Rc8 15. Rb1 Nd7 16. f4 Nxe5 17. fxe5 Qc7 18. Kh1 f6 19. exf6 Rxf6 20. Bg5 Rf5 21. Bxe7 Qxe7 22. Qe2 Bc6 23. Qxe6+ Qxe6 24. Rxe6 Rcf8 25. h3 Be8 26. Rb8 Kf7 27. Re1 a6 28. Kg1 g6 29. g4 Rf4 30. Nxd5 Rxd4 31. Rf1+ Kg7 32. Rxf8 Kxf8 33. Nf6 Rd1+ 34. Kf2 Rd2+ 35. Kg3 Re2 36. Rxe8+ 1-0

[Event "Bad Griesbach Seniors op 12th"]
[Site "Bad Griesbach"]
[Date "2009.12.05"]
[Round "7"]
[White "Pribyl, Josef"]
[Black "Slechta, Karel"]
[Result "1-0"]
[WhiteElo "2309"]
[BlackElo "1863"]
[PlyCount "61"]
[EventDate "2009.11.29"]
[EventType "swiss"]
[EventRounds "7"]
[EventCountry "GER"]
[SourceTitle "EXT 2015"]
[Source "ChessBase"]
[SourceDate "2014.11.20"]
[SourceVersion "1"]
[SourceVersionDate "2014.11.20"]
[SourceQuality "1"]

1. Nf3 c5 2. c4 Nf6 3. g3 g6 4. Bg2 Bg7 5. Nc3 Nc6 6. d4 cxd4 7. Nxd4 0-0 8. 0-0 Qb6 9. Nc2 d6 10. h3 Be6 11. b3 Rac8 12. e4 Qa5 13. Bd2 Qc7 14. Ne3 Qd7 15. Kh2 a6 16. Ned5 Bxd5 17. exd5 Nb8 18. Qe2 Qc7 19. Rac1 Rfe8 20. Rfe1 Nbd7 21. Be3 b6 22. Qd2 Nc5 23. Bd4 Qb7 24. Bf1 Rb8 25. Rcd1 Qd7 26. Qc2 b5 27. cxb5 axb5 28. b4 Na6 29. Qb2 Rec8 30. a4 Nc7 31. axb5 1-0

[Event "Bad Griesbach Seniors op 12th"]
[Site "Bad Griesbach"]
[Date "2009.12.01"]
[Round "3"]
[White "Waechter, Wolfgang"]
[Black "Slechta, Karel"]
[Result "1/2-1/2"]
[WhiteElo "1727"]
[BlackElo "1863"]
[PlyCount "35"]
[EventDate "2009.11.29"]
[EventType "swiss"]
[EventRounds "7"]
[EventCountry "GER"]
[SourceTitle "EXT 2015"]
[Source "ChessBase"]
[SourceDate "2014.11.20"]
[SourceVersion "1"]
[SourceVersionDate "2014.11.20"]
[SourceQuality "1"]

1. e4 c5 2. Nf3 Nc6 3. Bb5 d6 4. h3 Bd7 5. 0-0 a6 6. Bxc6 Bxc6 7. Re1 Nf6 8. e5 dxe5 9. Nxe5 Qd5 10. Nxc6 Qxc6 11. d3 e6 12. Nd2 Be7 13. Qf3 Qxf3 14. Nxf3 0-0 15. Ne5 Rac8 16. Bg5 Nd5 17. Bxe7 Nxe7 18. Re4 1/2-1/2

[Event "Prague op-A 07th"]
[Site "Prague"]
[Date "2008.01.13"]
[Round "3"]
[White "Erneker, Josef"]
[Black "Slechta, Karel"]
[Result "1/2-1/2"]
[WhiteElo "2217"]
[BlackElo "1983"]
[PlyCount "38"]
[EventDate "2008.01.11"]
[EventType "swiss"]
[EventRounds "9"]
[EventCountry "CZE"]
[SourceTitle "CBM 122 Extra"]
[Source "ChessBase"]
[SourceDate "2008.03.04"]
[SourceVersion "1"]
[SourceVersionDate "2008.03.04"]
[SourceQuality "1"]

1. d4 d5 2. c4 dxc4 3. e3 e5 4. d5 Nf6 5. Bxc4 c6 6. dxc6 Qxd1+ 7. Kxd1 Nxc6 8. Nf3 Bg4 9. h3 Bh5 10. g4 Bg6 11. Nc3 0-0-0+ 12. Ke2 Na5 13. Bb5 a6 14. Ba4 b5 15. Bb3 b4 16. Na4 Bd3+ 17. Ke1 Be4 18. Ke2 Bd3+ 19. Ke1 Be4 1/2-1/2

[Event "Prague op-A 06th"]
[Site "Prague"]
[Date "2007.01.15"]
[Round "5"]
[White "Slechta, Karel"]
[Black "Bilek, Vlastimil"]
[Result "1/2-1/2"]
[WhiteElo "1985"]
[BlackElo "1608"]
[PlyCount "47"]
[EventDate "2007.01.11"]
[EventType "swiss"]
[EventRounds "9"]
[EventCountry "CZE"]
[SourceTitle "CBM 116 Extra"]
[Source "ChessBase"]
[SourceDate "2007.03.07"]
[SourceVersion "1"]
[SourceVersionDate "2007.03.07"]
[SourceQuality "1"]

1. e4 e5 2. Nf3 Nf6 3. Nc3 Nc6 4. Bb5 Nd4 5. Bc4 Qe7 6. d3 d6 7. h3 c6 8. Nxd4 exd4 9. Ne2 c5 10. 0-0 Be6 11. Bb5+ Bd7 12. Bxd7+ Nxd7 13. c3 dxc3 14. Nxc3 Nb6 15. Re1 Qd7 16. Qb3 Be7 17. Qb5 Qxb5 18. Nxb5 Kd7 19. d4 a6 20. dxc5 dxc5 21. Nc3 Rad8 22. Bf4 Kc6 23. Rad1 Rxd1 24. Rxd1 1/2-1/2

[Event "Prague KS op-A"]
[Site "Prague"]
[Date "2007.??.??"]
[Round "1"]
[White "Slechta, Karel"]
[Black "Vavra, Pavel"]
[Result "1-0"]
[WhiteElo "1966"]
[BlackElo "2278"]
[PlyCount "75"]
[EventDate "2007.??.??"]
[EventType "swiss"]
[EventRounds "9"]
[EventCountry "CZE"]
[SourceTitle "EXT 2008"]
[Source "ChessBase"]
[SourceDate "2007.11.25"]
[SourceVersion "1"]
[SourceVersionDate "2007.11.25"]
[SourceQuality "1"]

1. e4 c5 2. Nf3 Nc6 3. d4 cxd4 4. Nxd4 Qb6 5. Nb3 Nf6 6. Nc3 e6 7. Be3 Qc7 8. a3 Be7 9. Be2 d6 10. 0-0 a6 11. f4 b5 12. Bf3 0-0 13. Qd2 Re8 14. Qf2 Rb8 15. e5 dxe5 16. Bxc6 Qxc6 17. fxe5 Ng4 18. Qxf7+ Kh8 19. Nd4 Qd7 20. Nxe6 Rg8 21. Nc5 Qc7 22. Bd4 Nh6 23. Nd5 Qxc5 24. Qxg8+ Kxg8 25. Bxc5 Bxc5+ 26. Kh1 Bb7 27. Rad1 Ng4 28. Rd2 Rd8 29. Nf6+ gxf6 30. Rxd8+ Kg7 31. Rd7+ Kg6 32. exf6 Ne3 33. Rg7+ Kh5 34. Rxh7+ Kg5 35. Rg7+ Kh5 36. Re1 Be4 37. b4 Bd4 38. Rxe3 1-0

[Event "Prague ProMoPro op"]
[Site "Prague"]
[Date "2006.09.15"]
[Round "7"]
[White "Framberk, Jan"]
[Black "Slechta, Karel"]
[Result "1/2-1/2"]
[WhiteElo "2089"]
[BlackElo "1935"]
[PlyCount "62"]
[EventDate "2006.09.09"]
[EventType "swiss"]
[EventRounds "9"]
[EventCountry "CZE"]
[SourceTitle "CBM 114 Extra"]
[Source "ChessBase"]
[SourceDate "2006.11.03"]
[SourceVersion "1"]
[SourceVersionDate "2006.11.03"]
[SourceQuality "1"]

1. e4 c5 2. Nf3 Nc6 3. d4 cxd4 4. Nxd4 Nf6 5. Nc3 d6 6. Bg5 e6 7. Bb5 Bd7 8. Bxc6 bxc6 9. Qf3 Rb8 10. e5 dxe5 11. Nxc6 Bxc6 12. Qxc6+ Qd7 13. Qxd7+ Nxd7 14. 0-0-0 f5 15. f3 h6 16. Be3 a6 17. Rhe1 Bb4 18. Rd3 Nf6 19. Bd2 e4 20. fxe4 Bxc3 21. Rxc3 Nxe4 22. Rc6 Kf7 23. Rxa6 Nxd2 24. Kxd2 Rxb2 25. Kc3 Rhb8 26. Rexe6 Rxa2 27. Rxh6 Rxc2+ 28. Kxc2 gxh6 29. Rxh6 Rg8 30. g3 f4 31. gxf4 Rg4 1/2-1/2

[Event "Prague ProMoPro op"]
[Site "Prague"]
[Date "2006.09.14"]
[Round "6"]
[White "Simunek, Josef"]
[Black "Slechta, Karel"]
[Result "0-1"]
[WhiteElo "2056"]
[BlackElo "1935"]
[PlyCount "46"]
[EventDate "2006.09.09"]
[EventType "swiss"]
[EventRounds "9"]
[EventCountry "CZE"]
[SourceTitle "CBM 114 Extra"]
[Source "ChessBase"]
[SourceDate "2006.11.03"]
[SourceVersion "1"]
[SourceVersionDate "2006.11.03"]
[SourceQuality "1"]

1. d4 d5 2. Nf3 Nf6 3. c4 dxc4 4. Qa4+ Nc6 5. e3 Bd7 6. Qxc4 e6 7. Be2 Be7 8. 0-0 0-0 9. b3 a6 10. Bb2 Nb4 11. Na3 b5 12. Qc1 Bc6 13. Ne5 Bb7 14. Nc2 Nxc2 15. Qxc2 Bd6 16. Bd3 Rc8 17. Rad1 c5 18. Qb1 Qe7 19. h3 h6 20. Rc1 cxd4 21. Bxd4 Nd7 22. Qa1 Nxe5 23. Bxe5 Qg5 0-1

[Event "Prague op-A"]
[Site "Prague"]
[Date "2006.07.07"]
[Round "7"]
[White "Slechta, Karel"]
[Black "Novak, Jindrich"]
[Result "0-1"]
[WhiteElo "1935"]
[BlackElo "1955"]
[PlyCount "76"]
[EventDate "2006.07.01"]
[EventType "swiss"]
[EventRounds "9"]
[EventCountry "CZE"]
[SourceTitle "EXT 2007"]
[Source "ChessBase"]
[SourceDate "2006.11.23"]
[SourceVersion "1"]
[SourceVersionDate "2006.11.23"]
[SourceQuality "1"]

1. e4 Nc6 2. Nf3 d6 3. d4 f5 4. Bd3 fxe4 5. Bxe4 Nf6 6. Bd3 e5 7. dxe5 dxe5 8. Nc3 Bb4 9. 0-0 Bg4 10. Bg5 0-0 11. Bc4+ Kh8 12. Nd5 e4 13. Nxb4 Nxb4 14. Qxd8 Raxd8 15. Ne5 Bh5 16. Bb3 Rde8 17. Nc4 Be2 18. Rfc1 Ng4 19. Bh4 b5 20. Nd2 e3 21. fxe3 Nxe3 22. a3 Nc6 23. c3 Na5 24. Ba2 c5 25. b4 Nb7 26. c4 Rf4 27. Bg5 Rd4 28. Bxe3 Rxe3 29. Nf1 Rxa3 30. Re1 Bh5 31. bxc5 bxc4 32. c6 Nd6 33. c7 g5 34. Ne3 Nc8 35. Nf5 Rd7 36. Bxc4 Rxa1 37. Rxa1 Rxc7 38. Rd1 Bxd1 0-1

[Event "Prague op-A"]
[Site "Prague"]
[Date "2006.07.05"]
[Round "5"]
[White "Slechta, Karel"]
[Black "Novak, Vaclav"]
[Result "1/2-1/2"]
[WhiteElo "1935"]
[BlackElo "2077"]
[PlyCount "55"]
[EventDate "2006.07.01"]
[EventType "swiss"]
[EventRounds "9"]
[EventCountry "CZE"]
[SourceTitle "EXT 2007"]
[Source "ChessBase"]
[SourceDate "2006.11.23"]
[SourceVersion "1"]
[SourceVersionDate "2006.11.23"]
[SourceQuality "1"]

1. e4 g6 2. d4 Bg7 3. Bc4 d6 4. Nf3 Nf6 5. Nc3 0-0 6. Bb3 c6 7. Be3 b5 8. a3 a5 9. h3 Ba6 10. e5 Ne8 11. Ne4 d5 12. Nc5 Nd7 13. Nxa6 Rxa6 14. Qd2 f6 15. Bh6 Qc7 16. Bxg7 Nxg7 17. exf6 Nxf6 18. 0-0 Ne4 19. Qe3 Kh8 20. c3 Nf5 21. Qe2 Raa8 22. Bc2 Nfd6 23. Ne5 Rf4 24. Qe3 Raf8 25. f3 Ng3 26. Rfe1 R4f6 27. Ng4 Ndf5 28. Qe5 1/2-1/2

[Event "Prague ProMoPro op"]
[Site "Prague"]
[Date "2005.09.21"]
[Round "7"]
[White "Prachar, Josef"]
[Black "Slechta, Karel"]
[Result "1/2-1/2"]
[WhiteElo "2038"]
[BlackElo "1913"]
[PlyCount "68"]
[EventDate "2005.09.15"]
[EventType "swiss"]
[EventRounds "9"]
[EventCountry "CZE"]
[SourceTitle "CBM 108 Extra"]
[Source "ChessBase"]
[SourceDate "2005.11.04"]
[SourceVersion "1"]
[SourceVersionDate "2005.11.04"]
[SourceQuality "1"]

1. d4 d5 2. c4 dxc4 3. Nf3 Nf6 4. e3 e6 5. Bxc4 c5 6. 0-0 a6 7. Qe2 b5 8. Bb3 Nc6 9. Rd1 c4 10. Bc2 Nb4 11. Nc3 Nxc2 12. Qxc2 Bb7 13. Ne5 Bb4 14. f3 0-0 15. e4 Nd7 16. Nxd7 Qxd7 17. Be3 Rfd8 18. Qf2 Be7 19. d5 exd5 20. Bb6 Re8 21. Nxd5 Bxd5 22. Rxd5 Qc6 23. Rad1 Rab8 24. Bd4 Bf6 25. Bxf6 Qxf6 26. Rd6 Rbd8 27. e5 Qe7 28. Qb6 Ra8 29. f4 g5 30. Rd7 Qe6 31. R7d6 Qf5 32. Rf1 gxf4 33. Rf6 Qxe5 34. R6xf4 Qe3+ 1/2-1/2